[Event "Vienna Bawag"]
[Site "Vienna"]
[Date "1996.??.??"]
[Round "8"]
[White "Polgar, Sofia"]
[Black "Hoelzl, Franz"]
[Result "0-1"]
[WhiteElo "2495"]
[BlackElo "2430"]

1.e4 c5 2.Nf3 d6 3.d4 cxd4 4.Nxd4 Nf6 5.Nc3 a6 6.f4 g6 7.Nf3 Bg7 8.e5 Nh5
9.Be3 O-O 10.Nd5 Nc6 11.exd6 Qxd6 12.c3 Bg4 13.Nb6 Qe6 14.Qe2 Rad8 15.g3 Bxf3
16.Qxf3 Nd4 17.cxd4 Qxb6 18.O-O-O Bxd4 19.Bxd4 Rxd4 20.Rxd4 Qxd4 21.Qxb7 a5
22.Bg2 Qc5+ 23.Kb1 Rc8 24.Qb3 Nf6 25.Bf3 Qf2 26.a4 h5 27.Ka2 Kg7 28.Qb7 Rc4
29.Qb5 Rb4 30.Qe2 Rxa4+ 31.Kb1 Qxe2 32.Bxe2 Re4 33.Bf3 Re3 34.Bc6 Ng4 35.Rc1 Nxh2
36.Rc5 Rxg3 37.Rxa5 h4 38.Ra3 Ng4 39.Ka2 Rxa3+ 40.bxa3 e5 41.Bf3 f5 42.a4 e4
43.Bg2 Ne3 44.a5 Nd5 45.Kb3 Nc7 46.Kc4 Kf6 47.Kd4 g5 48.Ke3 gxf4+  0-1

[Event "Vienna Bawag"]
[Site "Vienna"]
[Date "1996.??.??"]
[Round "9"]
[White "Arakhamia, Ketevan"]
[Black "Polgar, Sofia"]
[Result "0-1"]
[WhiteElo "2480"]
[BlackElo "2495"]

1.e4 e5 2.Nf3 Nc6 3.Bc4 Bc5 4.O-O d6 5.c3 Nf6 6.d3 O-O 7.Bg5 Bb6 8.Nbd2 Qe7
9.b4 Nd8 10.Nh4 Kh8 11.Nf5 Bxf5 12.exf5 h6 13.Bh4 g5 14.fxg6 fxg6 15.Nf3 Ne6
16.Re1 Nf4 17.Qd2 g5 18.Bg3 Qg7 19.a4 a5 20.b5 Rae8 21.Bb3 e4 22.Bxf4 gxf4
23.Nd4 d5 24.Qxf4 Nh5 25.Qh4 Nf4 26.g3 c5 27.Ne2 Ng6 28.Qg4 exd3 29.Bxd5 dxe2
30.c4 Re5 31.Ra3 h5  0-1

[Event "Yerevan ol (Women)"]
[Site "Yerevan"]
[Date "1996.??.??"]
[Round "1"]
[White "Polgar, Sofia"]
[Black "Eriksson, Ingela S"]
[Result "1-0"]
[WhiteElo "2480"]
[BlackElo "2095"]

1.e4 e5 2.Nf3 d6 3.d4 Nf6 4.Nc3 Nbd7 5.Bc4 Be7 6.O-O O-O 7.a4 c6 8.Ba2 h6
9.h3 Qc7 10.Nh4 Re8 11.Be3 b6 12.Nf5 Bf8 13.Qf3 exd4 14.Bxd4 Ne5 15.Bxe5 Rxe5
16.Nxh6+ gxh6 17.Qxf6 Bg7 18.Qf3 Qe7 19.Qd3 Qh4 20.f4 Re8 21.Rae1 Bf5 22.Re3 Qe7
23.Rg3 Bd7 24.f5 Qf6 25.Rg6  1-0

[Event "Yerevan ol (Women)"]
[Site "Yerevan"]
[Date "1996.??.??"]
[Round "2"]
[White "Danielian, Elina"]
[Black "Polgar, Sofia"]
[Result "1/2-1/2"]
[WhiteElo "2330"]
[BlackElo "2480"]

1.d4 d5 2.Nf3 Nf6 3.Bf4 g6 4.e3 Bg7 5.Be2 O-O 6.Nbd2 c5 7.O-O b6 8.c4 cxd4
9.Nxd4 Bb7 10.Rc1 Nbd7 11.Bg3 dxc4 12.Bxc4 Rc8 13.Qe2 Nh5 14.N2f3 Nxg3 15.hxg3 e5
16.Nb5 e4 17.Nfd4 Ne5 18.Rfd1 Nxc4 19.Rxc4 Rxc4 20.Qxc4 a6 21.Nc3 Qc8 22.Qb4 Qc7
23.Nce2 b5 24.Rc1 Qd7 25.a4 bxa4 26.Rc4 h5 27.Qxa4 Qg4 28.Rc7 Bc8 29.Qc6 a5
30.Re7 Bf5 31.Nxf5 gxf5 32.Nf4 Bxb2 33.Qb6 Bc3 34.Rd7 h4 35.Nd5 Qd1+ 36.Kh2 hxg3+
37.fxg3 Qh5+ 38.Kg1 Qd1+ 39.Kh2 Kg7 40.Rd8 Rxd8 41.Qxd8 Qh5+ 42.Kg1 Qd1+
43.Kh2 Qh5+ 44.Kg1 Be5 45.Qxa5 Qd1+ 46.Kh2 Qh5+ 47.Kg1 Qe2 48.Kh2 Qh5+ 49.Kg1 Bxg3
50.Qc3+ Kg6 51.Qc6+ Kg7 52.Qc3+ Kg6 53.Qc6+ Kg5 54.Qf6+ Kg4 55.Qg7+ Qg6 56.Qh8 f4
57.Qe5 f3 58.Nf6+ Kh4 59.Qxe4+ Qxe4 60.Nxe4 f5 61.Nf2  1/2-1/2

[Event "Yerevan ol (Women)"]
[Site "Yerevan"]
[Date "1996.??.??"]
[Round "3"]
[White "Polgar, Sofia"]
[Black "Kim, Olga"]
[Result "1-0"]
[WhiteElo "2480"]
[BlackElo "2250"]

1.e4 e5 2.Nf3 Nc6 3.Bb5 a6 4.Ba4 Nf6 5.O-O Be7 6.Re1 b5 7.Bb3 d6 8.c3 O-O
9.h3 Na5 10.Bc2 c5 11.d4 Qc7 12.Nbd2 cxd4 13.cxd4 Nc6 14.a3 Bd7 15.b4 Rfc8
16.Bb3 a5 17.d5 Nb8 18.Bb2 Na6 19.Rc1 Qb6 20.Bc3 axb4 21.axb4 Rc7 22.Nf1 Rac8
23.Qd2 h6 24.Bb2 Rxc1 25.Bxc1 Nh7 26.Bb2 Ng5 27.N1h2 Bf6 28.Kh1 Be7 29.Ng1 Kh8
30.h4 Nh7 31.g3 Nf6 32.f4 Nh5 33.Bd1 Nf6 34.Ngf3 Rc4 35.fxe5 Nxe4 36.Rxe4 Rxe4
37.e6 Qe3 38.Qxe3 Rxe3 39.exd7 Nb8 40.Nf1 Re4 41.N3d2 Re1 42.Bg4 Bd8 43.Bd4 Re7
44.Ne3 Nxd7 45.Kg2 Ne5 46.Be2 Rb7 47.Ne4 Bb6 48.Nxd6 Bxd4 49.Nxb7 Bxe3 50.Bxb5 Bb6
51.d6 f6 52.d7 Nf7 53.Bc4 Nd8 54.Nxd8 Bxd8 55.h5 g5 56.hxg6 Kg7 57.Bd3 h5
58.Bf5  1-0

[Event "Yerevan ol (Women)"]
[Site "Yerevan"]
[Date "1996.??.??"]
[Round "4"]
[White "Maric, Alisa"]
[Black "Polgar, Sofia"]
[Result "0-1"]
[WhiteElo "2460"]
[BlackElo "2480"]

1.Nf3 d5 2.d4 Nf6 3.c4 e6 4.e3 Nbd7 5.Nbd2 Be7 6.Bd3 dxc4 7.Nxc4 c5 8.O-O O-O
9.Nce5 cxd4 10.exd4 Nd5 11.Qe2 N7f6 12.a3 b6 13.Bd2 Bb7 14.Rac1 h6 15.Ba6 Bxa6
16.Qxa6 Ne4 17.Rc2 Bf6 18.Rfc1 Nxd2 19.Nxd2 Bg5 20.Nef3 Bf4 21.Qe2 h5 22.Ne5 g6
23.Rd1 Bh6 24.Ne4 Qe7 25.Nc3 Nxc3 26.Rxc3 Rac8 27.Rdd3 Bg7 28.Nf3 Qd6 29.Qe3 Rxc3
30.Rxc3 Rd8 31.h3 Bxd4 32.Nxd4 Qxd4 33.Qxd4 Rxd4 34.g3 Rd2 35.b3 Ra2 36.a4 Rb2
37.h4 Kg7 38.Kg2 Kf6 39.Rd3 a5 40.Kf3 Kf5 41.Kg2 e5 42.Rc3 e4 43.Kg1 Ke5
44.Kf1 f6 45.Kg1 Rb1+ 46.Kg2 Kd5 47.Kh2 Ke5 48.Kg2 g5 49.g4 gxh4 50.gxh5 Kf5
51.Rh3 Kg5 52.h6 Kxh6 53.Rxh4+ Kg5 54.Rxe4 Rxb3 55.f3 f5 56.Rc4 Rb4 57.Rc6 Kf4
58.Rf6 Rxa4  0-1

[Event "Yerevan ol (Women)"]
[Site "Yerevan"]
[Date "1996.??.??"]
[Round "5"]
[White "Xie Jun"]
[Black "Polgar, Sofia"]
[Result "1/2-1/2"]
[WhiteElo "2510"]
[BlackElo "2480"]

1.e4 e5 2.Nf3 Nc6 3.Bb5 Nf6 4.O-O Nxe4 5.d4 Nd6 6.Bxc6 dxc6 7.dxe5 Nf5 8.Qxd8+ Kxd8
9.Rd1+ Ke8 10.Nc3 Ne7 11.h3 Ng6 12.b3 a5 13.Nd4 Bc5 14.Be3 Bxd4 15.Rxd4 Be6
16.Rad1 Ne7 17.Bc1 b6 18.g4 h5 19.Bg5 hxg4 20.hxg4 Rh3 21.Ne2 c5 22.Kg2 Rh8
23.Rf4 Rd8 24.Rxd8+ Kxd8 25.f3 Kd7 26.Re4 Nd5 27.c4 Nb4 28.Nc3 Kc6 29.Re2 Nd3
30.Re3 Nb4  1/2-1/2

[Event "Yerevan ol (Women)"]
[Site "Yerevan"]
[Date "1996.??.??"]
[Round "6"]
[White "Polgar, Sofia"]
[Black "Foisor, Cristina Adela B"]
[Result "1-0"]
[WhiteElo "2480"]
[BlackElo "2375"]

1.e4 e5 2.Nf3 Nc6 3.Bb5 a6 4.Ba4 Nf6 5.O-O Be7 6.Re1 b5 7.Bb3 d6 8.c3 O-O
9.h3 Bb7 10.d4 Re8 11.Nbd2 Bf8 12.a4 h6 13.Bc2 Nb8 14.Qe2 c6 15.Nf1 Nbd7
16.dxe5 dxe5 17.Ng3 g6 18.h4 h5 19.b4 c5 20.axb5 axb5 21.Rxa8 Qxa8 22.Qxb5 cxb4
23.cxb4 Rb8 24.Bd2 Qa2 25.Qa4 Qxa4 26.Bxa4 Ba8 27.Rc1 Nb6 28.Bb3 Nxe4 29.Nxe4 Bxe4
30.Nxe5 Bd5 31.Bxd5 Nxd5 32.Nd7 Rb7 33.Nxf8 Kxf8 34.Rb1 Rb5 35.Kf1 Ke7 36.Ke2 Kd6
37.Kd3 Ne7 38.Kc4 Kc6 39.Ra1 Nc8 40.Ra6+ Nb6+ 41.Kb3 Kb7 42.Ra5 Kc6 43.Kc3 Nd7
44.Rxb5 Kxb5 45.Kd4 Kc6 46.Ke4 Nf6+ 47.Kf4 Kd5 48.f3 Ne8 49.Kg5 Ke6 50.b5 Kd5
51.b6 Kc6 52.Be3 Kd7 53.g4 hxg4 54.fxg4 Nd6 55.Kf6 Ke8 56.h5 gxh5 57.gxh5  1-0

[Event "Yerevan ol (Women)"]
[Site "Yerevan"]
[Date "1996.??.??"]
[Round "9"]
[White "Polgar, Sofia"]
[Black "Ratna Sulista, Maria Lucia"]
[Result "1/2-1/2"]
[WhiteElo "2480"]
[BlackElo "2195"]

1.e4 e5 2.Nf3 Nc6 3.Bb5 a6 4.Ba4 Nf6 5.O-O b5 6.Bb3 Nxe4 7.d4 d5 8.dxe5 Be6
9.c3 Na5 10.Bc2 Bg4 11.Re1 Qd7 12.Nbd2 Rd8 13.Nb3 Nc6 14.a4 b4 15.a5 Be7
16.Qd3 Nb8 17.Nbd4 Nc5 18.Qe3 bxc3 19.Qxc3 O-O 20.b4 Ne6 21.Nxe6 Bxe6 22.Nd4 Rc8
23.Ba3 c6 24.Rad1 Rfe8 25.f4 f5 26.g4 Rf8 27.gxf5 Bxf5 28.Bxf5 Rxf5 29.Nxf5 Qxf5
30.Rf1 Qg6+ 31.Kh1 Nd7 32.f5 Qg4 33.Rde1 Bh4 34.h3 Bxe1 35.Rxe1 Qxf5 36.e6 Nf6
37.Bb2 Re8 38.Re5  1/2-1/2

[Event "Yerevan ol (Women)"]
[Site "Yerevan"]
[Date "1996.??.??"]
[Round "10"]
[White "Brustman, Agnieszka"]
[Black "Polgar, Sofia"]
[Result "1/2-1/2"]
[WhiteElo "2370"]
[BlackElo "2480"]

1.e4 e5 2.Nf3 Nc6 3.Bb5 Nf6 4.O-O Nxe4 5.d4 Nd6 6.Bxc6 dxc6 7.dxe5 Nf5 8.Qxd8+ Kxd8
9.Nc3 Ne7 10.h3 Ke8 11.b3 Nd5 12.Bb2 Bb4 13.Ne2 a5 14.a4 h5 15.Nfd4 Bc5 16.Kh2 Bd7
17.Rad1 Ne7 18.Nf4 Bxd4  1/2-1/2

[Event "Yerevan ol (Women)"]
[Site "Yerevan"]
[Date "1996.??.??"]
[Round "11"]
[White "Polgar, Sofia"]
[Black "Baginskaite, Kamile"]
[Result "1-0"]
[WhiteElo "2480"]
[BlackElo "2280"]

1.e4 e6 2.d4 d5 3.Nc3 Nf6 4.Bg5 Bb4 5.e5 h6 6.Bd2 Bxc3 7.bxc3 Ne4 8.Qg4 g6
9.Bd3 Nxd2 10.Kxd2 c5 11.Nf3 Nc6 12.Rhb1 c4 13.Be2 Qe7 14.a4 Kd8 15.h4 Kc7
16.h5 g5 17.Qg3 Bd7 18.Nh2 Rag8 19.Ng4 Nb8 20.Rf1 Be8 21.Nf6 Rf8 22.f4 gxf4
23.Qh4 Qd8 24.Rxf4 a5 25.g4 Nd7 26.g5 hxg5 27.Qxg5 Rfg8 28.Qh4 Nxf6 29.Rxf6 Rg6
30.Qf4 Rxf6 31.exf6+ Qd6 32.Qg5 Qf8 33.Qg7 Rg8 34.h6 e5 35.Rg1 Rh8 36.h7  1-0

[Event "Yerevan ol (Women)"]
[Site "Yerevan"]
[Date "1996.??.??"]
[Round "12"]
[White "Polgar, Sofia"]
[Black "Gaponenko, Inna"]
[Result "1-0"]
[WhiteElo "2480"]
[BlackElo "2340"]

1.e4 c5 2.Nf3 d6 3.d4 cxd4 4.Nxd4 Nf6 5.Nc3 g6 6.Be3 Bg7 7.f3 O-O 8.Qd2 Nc6
9.O-O-O d5 10.Qe1 e5 11.Nxc6 bxc6 12.exd5 Nxd5 13.Bc4 Be6 14.Ne4 Rb8 15.g4 Qc7
16.Bc5 Nf4 17.Bxe6 Nxe6 18.Bxf8 Kxf8 19.g5 Nd4 20.c3 Ne6 21.Nf6 Bxf6 22.gxf6 Nf4
23.Qd2 Nd5 24.Qh6+ Ke8 25.Qg7 Qb6 26.Qg8+ Kd7 27.Qxf7+ Kc8 28.Qe6+ Kb7 29.Qxe5 Ka8
30.Rd2 Qa5 31.f7  1-0

[Event "Yerevan ol (Women)"]
[Site "Yerevan"]
[Date "1996.??.??"]
[Round "13"]
[White "Flear, Christine"]
[Black "Polgar, Sofia"]
[Result "1/2-1/2"]
[WhiteElo "2220"]
[BlackElo "2480"]

1.d4 Nf6 2.Nf3 g6 3.c4 c5 4.d5 b5 5.cxb5 a6 6.b6 a5 7.Nc3 d6 8.Nd2 Qxb6 9.e4 a4
10.Nxa4 Qa5 11.Nc3 Ba6 12.Bxa6 Qxa6 13.Qe2 Bg7 14.Nc4 O-O 15.O-O Nbd7 16.Bd2 Rfb8
17.Rfe1 Nb6 18.Nxb6 Qxe2 19.Rxe2 Rxb6 20.Nd1 Ra4 21.f3 e6 22.dxe6 fxe6 23.e5 dxe5
24.Bc3 e4 25.fxe4 Nxe4 26.Bxg7 Kxg7 27.Nf2 Nf6 28.Nd3 Nd7 29.Rae1 c4 30.Rxe6 cxd3
31.Re7+ Kh6 32.Rxd7 Rxb2 33.Rxd3  1/2-1/2

[Event "Yerevan ol (Women)"]
[Site "Yerevan"]
[Date "1996.??.??"]
[Round "14"]
[White "Galliamova, Alisa"]
[Black "Polgar, Sofia"]
[Result "0-1"]
[WhiteElo "2475"]
[BlackElo "2480"]

1.d4 d5 2.c4 e6 3.Nf3 Nf6 4.Nc3 c6 5.Bg5 h6 6.Bxf6 Qxf6 7.g3 Nd7 8.Bg2 g6
9.O-O dxc4 10.Ne4 Qe7 11.Ne5 Bg7 12.f4 O-O 13.e3 Nf6 14.Rc1 Bd7 15.Rxc4 Nd5
16.Qb3 Be8 17.Rcc1 Rd8 18.Rfe1 f6 19.Nc4 b6 20.Qa3 Qxa3 21.bxa3 Bd7 22.Ned6 Ne7
23.e4 e5 24.fxe5 fxe5 25.Nxe5 Bxe5 26.dxe5 c5 27.Bf1 Nc6 28.Bc4+ Kg7 29.e6 Bxe6
30.e5 Bxc4 31.Nxc4 Rfe8 32.Kf2 b5 33.Nd6 Rxe5 34.Nxb5 Rd2+ 35.Kg1 c4 36.Rxe5 Nxe5
37.Rc3 a6 38.Nc7 a5 39.Nb5 Kf6 40.a4 Kf5 41.Na3 Ke4 42.Nxc4 Rd1+ 43.Kg2 Kd4
44.Nxe5 Kxc3 45.Nxg6 Rd2+ 46.Kh3 Rxa2  0-1

[Event "Bordeaux m1"]
[Site "Bordeaux"]
[Date "1997.05.24"]
[Round "1.1"]
[White "Polgar, Sofia"]
[Black "Arencibia, Walter"]
[Result "1-0"]
[WhiteElo "2470"]
[BlackElo "2560"]

1.e4 e5 2.Nf3 Nf6 3.Nc3 Nc6 4.g3 Bc5 5.Bg2 d6 6.d3 a6 7.Bg5 h6 8.Bxf6 Qxf6
9.Nd5 Qd8 10.c3 Ba7 11.Qd2 Ne7 12.Ne3 O-O 13.d4 exd4 14.Nxd4 Bd7 15.O-O Qc8
16.Rfe1 Bh3 17.Ndf5 Bxf5 18.Nxf5 Re8 19.g4 Qe6 20.Kh1 Rad8 21.h3 Qf6 22.Nxe7+ Qxe7
23.f4 Qh4 24.Rf1 c6 25.Rae1 d5 26.exd5 cxd5 27.Kh2 Rxe1 28.Qxe1 Qf6 29.Kh1 d4
30.cxd4 Bxd4 31.b3 b6 32.Qg3 Re8 33.g5 Qg6 34.Qg4 h5 35.Qd7 Re4 36.Qd8+ Kh7
37.f5 Qc6 38.Qxd4  1-0

[Event "Bordeaux mf"]
[Site "Bordeaux"]
[Date "1997.05.24"]
[Round "2.3"]
[White "Polgar, Sofia"]
[Black "Flear, Glenn C"]
[Result "1/2-1/2"]
[WhiteElo "2470"]
[BlackElo "2485"]

1.e4 e5 2.Nf3 d6 3.d4 Nf6 4.Nc3 Nbd7 5.Bc4 Be7 6.O-O O-O 7.a4 c6 8.Ba2 b6
9.Nh4 exd4 10.Qxd4 Nc5 11.Nf3 a5 12.h3 Be6 13.Bxe6 Nxe6 14.Qd1 Qc7 15.Nd4 Nxd4
16.Qxd4 Nd7 17.Be3 Bf6 18.Qd2 Nc5 19.Bd4 Bxd4 20.Qxd4 Rad8 21.Rad1 Rfe8 22.Rfe1 h6
23.b3 Qe7 24.Qe3 Qh4 25.Qf3 Qg5 26.g3 Qe5 27.Qe3 Qh5 28.Kh2 f5 29.Qf4 Nxe4
30.Nxe4 Rxe4 31.Rxe4 fxe4 32.Rxd6 Rxd6 33.Qxd6 Qe2 34.Qe6+ Kh8 35.Qc8+ Kh7
36.Qf5+ Kh8 37.c4 e3 38.Kg2 exf2 39.Qxf2 Qe4+ 40.Kh2 c5 41.h4 h5  1/2-1/2

[Event "Bordeaux mf"]
[Site "Bordeaux"]
[Date "1997.05.24"]
[Round "2.2"]
[White "Flear, Glenn C"]
[Black "Polgar, Sofia"]
[Result "0-1"]
[WhiteElo "2485"]
[BlackElo "2470"]

1.d4 d5 2.c4 e6 3.Nf3 Nf6 4.g3 dxc4 5.Bg2 Nc6 6.Qa4 Bb4+ 7.Bd2 Nd5 8.Bxb4 Nxb4
9.O-O Rb8 10.Nc3 Bd7 11.Qb5 O-O 12.Qxc4 a5 13.a3 Na6 14.Rfd1 Ne7 15.Ne5 b5
16.Qd3 Be8 17.Rac1 f6 18.Nf3 c5 19.Qe3 Qb6 20.dxc5 Nxc5 21.Nxb5 Na4 22.Qxb6 Rxb6
23.Nd6 Nxb2 24.Nc4 Nxc4 25.Rxc4 e5 26.Nd2 Rd6 27.Kf1 Bf7 28.Rcc1 Rb8 29.Ne4 Rxd1+
30.Rxd1 f5 31.Nd6 Be6 32.Nb7 e4 33.Nc5 Bc4 34.Ke1 Rb5 35.Nd7 Be6 36.g4 Kf7
37.gxf5 Bxf5 38.a4 Rb4 39.Nc5 Rc4 40.Nb7 Rxa4 41.Nd6+ Ke6 42.Nxf5 Nxf5 43.Bh3 g6
44.Rc1 Ra2 45.Bxf5+ Kxf5 46.Rc5+ Kf4 47.Kf1 a4 48.h3 a3 49.Ra5  0-1

[Event "Bordeaux mf"]
[Site "Bordeaux"]
[Date "1997.05.24"]
[Round "2.1"]
[White "Polgar, Sofia"]
[Black "Flear, Glenn C"]
[Result "0-1"]
[WhiteElo "2470"]
[BlackElo "2485"]

1.e4 e5 2.Nf3 Nc6 3.Nc3 Nf6 4.g3 Nd4 5.Bg2 Nxf3+ 6.Qxf3 Bc5 7.d3 h6 8.h3 a6
9.g4 b5 10.Qg3 Qe7 11.f4 d6 12.f5 Bb7 13.Bf3 O-O-O 14.g5 hxg5 15.Bxg5 Rdg8
16.O-O-O Qe8 17.Kb1 Kb8 18.h4 Nh5 19.Qg4 g6 20.f6 c6 21.Ne2 Bc8 22.Qg2 Qe6
23.c3 Nxf6 24.d4 Bb6 25.d5 cxd5 26.exd5 Qf5+ 27.Ka1 Nh5 28.Rdf1 Qd7 29.Bxh5 gxh5
30.Ng3 Bd8 31.Bxd8 Rxd8 32.Qf3 f5 33.Nxf5 Rdf8 34.Qe3 Rxf5 35.Rxf5 Qxf5 36.Qb6+ Bb7
37.Qxd6+ Ka8 38.Qb6 Qf3 39.Rg1 Qxd5 40.Qf6 Rg8  0-1

[Event "VAM Hoogeveen op"]
[Site "Wijk aan Zee"]
[Date "1997.??.??"]
[Round "1"]
[White "Polgar, Sofia"]
[Black "Bednar, Jaromir"]
[Result "1-0"]
[WhiteElo "2475"]
[BlackElo "2230"]

1.e4 d5 2.exd5 Nf6 3.d4 Nxd5 4.Nf3 g6 5.Be2 Bg7 6.O-O O-O 7.c4 Nb6 8.h3 Nc6
9.c5 Nd5 10.Re1 Bf5 11.a3 Rb8 12.Bb5 a6 13.Ba4 Na5 14.Ne5 b5 15.Bc2 Bxc2
16.Qxc2 Bxe5 17.dxe5 Nc6 18.Bh6 Re8 19.Qe4 f5 20.Qh4 e6 21.Bg5 Qd7 22.Nc3 Nd8
23.Rad1 c6 24.Rd4 Nf7 25.Bf6 Nxf6 26.Rxd7 Nxd7 27.Rd1 Rbd8 28.f4 Nxc5 29.Rxd8 Nxd8
30.Qf2 Ncb7 31.Qb6 a5 32.Qc7 Rf8 33.b4 Rf7 34.Qc8 axb4 35.axb4 Rf8 36.Ne2 c5
37.bxc5 Na5 38.Nd4 b4 39.Qa6 Nab7 40.c6 Nc5 41.Qc4  1-0

[Event "VAM Hoogeveen op"]
[Site "Wijk aan Zee"]
[Date "1997.??.??"]
[Round "2"]
[White "De Boer, Sybolt"]
[Black "Polgar, Sofia"]
[Result "0-1"]
[WhiteElo "2290"]
[BlackElo "2475"]

1.d4 Nf6 2.Nf3 g6 3.c4 c5 4.Nc3 cxd4 5.Nxd4 Bg7 6.e4 Nc6 7.Be3 O-O 8.Be2 d6
9.O-O Nxd4 10.Bxd4 Be6 11.Qe1 Nd7 12.Be3 Rc8 13.b3 Nc5 14.f3 Kh8 15.Rb1 a5
16.Nd5 Bxd5 17.exd5 e6 18.dxe6 Nxe6 19.Qd2 Re8 20.Rfe1 Rc6 21.Rbd1 g5 22.Bd3 d5
23.cxd5 Bc3 24.Qc1 Qxd5 25.Be4 Bxe1 26.Bxd5 Rxc1 27.Rxc1 Bb4 28.Bxe6 Rxe6
29.Bxg5 h6 30.Bf4 Re2 31.a4 Kh7 32.Rc7 b6 33.Rxf7+ Kg6 34.Rd7 Bc5+ 35.Kf1 Rf2+
36.Ke1 Rxg2 37.Rd2 Bb4 38.h4 Kh5 39.Kd1 Bxd2 40.Bxd2 Rf2 41.Be3 Rxf3 42.Bxb6 Rxb3
43.Bxa5 Ra3 44.Be1 Rxa4 45.Ke2 Kg4 46.Ke3 h5 47.Ke2 Ra3 48.Bf2 Ra8 49.Be1 Re8+
50.Kf1 Kf3 51.Bd2 Rb8  0-1

[Event "VAM Hoogeveen op"]
[Site "Wijk aan Zee"]
[Date "1997.??.??"]
[Round "4"]
[White "Bosch, Jeroen"]
[Black "Polgar, Sofia"]
[Result "1/2-1/2"]
[WhiteElo "2405"]
[BlackElo "2475"]

1.e4 c5 2.Nf3 Nc6 3.d4 cxd4 4.Nxd4 Nf6 5.Nc3 d6 6.Bc4 Qb6 7.Nxc6 bxc6 8.O-O g6
9.Be3 Qxb2 10.Bd4 e5 11.Rb1 Qa3 12.Rb3 Qa5 13.Be3 Be7 14.Bg5 Qc5 15.Bxf6 Bxf6
16.Qf3 Qxc4 17.Qxf6 O-O 18.Qxd6 Qe6 19.Qc7 Qf6 20.Ra3 Qg5 21.h4 Qxh4 22.Qxe5 Be6
23.Qc5 Qf6 24.Ra6 Rfc8 25.Re1 h5 26.Re3 h4 27.Rf3 Qd8 28.Rd3 Qf6 29.Rf3 Qd8
30.Rd3 Qf6 31.Rxa7 Rab8 32.Rf3 Qd8 33.Rd3 Qf6 34.Rf3 Qd8 35.Qe5 Ra8 36.Rd3 Rxa7
37.Rxd8+ Rxd8 38.Qg5 Rd4 39.Qxh4 Rd2 40.e5 Bf5 41.Ne4 Bxe4 42.Qxe4 Rd5 43.c4 Rda5
44.f4 Rxa2 45.Qxc6 R7a6 46.Qd5 Kg7 47.Kh2 Rc2 48.c5 Re6 49.Kh3 Re8 50.Qd4 Kg8
51.Qd7 Re6 52.Qd5 Re8 53.g4 Rc8 54.e6 R8xc5 55.exf7+ Kg7 56.Qe6 R5c3+ 57.Kh4 Rh2+
58.Kg5 Rc5+ 59.f5 Rxf5+ 60.gxf5 Rh5+ 61.Kg4 Rxf5 62.Qxf5  1/2-1/2

[Event "VAM Hoogeveen op"]
[Site "Wijk aan Zee"]
[Date "1997.??.??"]
[Round "6"]
[White "Polgar, Sofia"]
[Black "Rogers, Ian"]
[Result "0-1"]
[WhiteElo "2475"]
[BlackElo "2570"]

1.e4 e5 2.Nf3 d6 3.d4 Nd7 4.Nc3 c6 5.Bc4 Be7 6.a4 Ngf6 7.Ba2 h6 8.O-O Qc7
9.Nh4 exd4 10.Qxd4 Nc5 11.b4 Ne6 12.Qd3 a5 13.b5 Nc5 14.Qd4 Ne6 15.Qd1 O-O
16.Ba3 Rd8 17.Nf5 Bf8 18.Rb1 d5 19.Bxf8 Kxf8 20.exd5 cxd5 21.Qd2 d4 22.Ne2 Ne4
23.Qc1 Kg8 24.b6 Qe5 25.Ne7+ Kf8 26.f4 Qc5 27.Rb5 Qxe7 28.Re5 Nf6 29.f5 Qd6
30.Rxe6 fxe6 31.Nf4 exf5 32.Ng6+ Ke8 33.Qe1+ Ne4 34.Nh4 g6 35.g4 Qb4 36.Qe2 d3
37.cxd3 Qd4+  0-1

[Event "VAM Hoogeveen op"]
[Site "Wijk aan Zee"]
[Date "1997.??.??"]
[Round "7"]
[White "De Vreugt, Dennis"]
[Black "Polgar, Sofia"]
[Result "0-1"]
[WhiteElo "2295"]
[BlackElo "2475"]

1.e4 e5 2.Nf3 Nc6 3.Bb5 Nf6 4.O-O Nxe4 5.Re1 Nd6 6.Nxe5 Nxe5 7.Rxe5+ Be7
8.Bf1 O-O 9.Nc3 Ne8 10.d4 Bf6 11.Re1 d5 12.Bf4 Bf5 13.Be5 c6 14.Ne2 Nd6 15.Ng3 Bg6
16.c3 Bxe5 17.Rxe5 Ne4 18.Nxe4 dxe4 19.Qb3 b6 20.Ba6 Qc7 21.Re1 Kh8 22.Qa3 c5
23.Bb5 Rfd8 24.f3 cxd4 25.cxd4 a6 26.Re7 Qc2 27.Ba4 Qc4 28.fxe4 Qxd4+ 29.Kh1 Rac8
30.Bb3 Qe3 31.Qb4 Rc1  0-1

[Event "VAM Hoogeveen op"]
[Site "Wijk aan Zee"]
[Date "1997.??.??"]
[Round "8"]
[White "Polgar, Sofia"]
[Black "Psakhis, Lev"]
[Result "1/2-1/2"]
[WhiteElo "2475"]
[BlackElo "2565"]

1.e4 e6 2.d4 d5 3.Nc3 Bb4 4.Ne2 Nf6 5.Bg5 h6 6.Bxf6 Qxf6 7.a3 Ba5 8.Qd3 dxe4
9.Qxe4 O-O 10.Qe3 b5 11.Ng3 a6 12.Ne4 Qe7 13.Nc5 Bxc3+ 14.Qxc3 Nd7 15.Nxd7 Qxd7
16.Be2 Bb7 17.O-O Qd6 18.Rfd1 Rac8 19.b4 Bd5 20.a4 c6 21.g3  1/2-1/2

[Event "Czerniak mem 14th"]
[Site "Tel Aviv"]
[Date "1998.04.11"]
[Round "3"]
[White "Elbilia, Jacques"]
[Black "Polgar, Sofia"]
[Result "1-0"]
[WhiteElo "2360"]
[BlackElo "2485"]

1.d4 Nf6 2.Nf3 g6 3.c4 c5 4.d5 b5 5.Qc2 d6 6.e4 Bg7 7.cxb5 a6 8.a4 O-O 9.Nc3 Bb7
10.Bg5 Nbd7 11.Be2 axb5 12.Bxb5 Ba6 13.O-O h6 14.Bh4 Qa5 15.Ra3 Nb6 16.Nd2 c4
17.Nf3 g5 18.Bg3 Nh5 19.Rd1 Qb4 20.Bc6 Rab8 21.Nd4 Bc8 22.a5 Na8 23.a6 Bg4
24.Rd2 Qc5 25.Ncb5 Nxg3 26.hxg3 e5 27.a7 exd4 28.axb8=Q Rxb8 29.Nxd4 Nb6
30.Ne2 c3 31.Rxc3 Bxc3 32.Qxc3 Qxc3 33.Nxc3 Nc4 34.Rd4 Nxb2 35.Nb5 Kg7 36.e5 Be2
37.Rd2 Nc4 38.Rxe2 Nxe5 39.f3 Nxc6 40.Nxd6 Nd4 41.Re7 Rd8 42.Nxf7 Rxd5 43.Rb7 Kg6
44.Nh8+ Kf6 45.Rf7+ Ke6 46.Rh7 Kf6 47.Rf7+ Ke6 48.Rg7 Nf5 49.Rg6+ Ke7 50.g4 Nh4
51.Rxh6 Kf8 52.Rxh4 gxh4 53.Ng6+ Kf7 54.Nxh4 Kf6 55.Kh2 Kg5 56.Kg3 Rd3 57.Nf5 Ra3
58.Ng7 Rb3 59.Nh5 Ra3 60.Nf4 Rb3 61.Nh3+ Kg6 62.Kh4 Rb2 63.g5 Ra2 64.g4 Ra3
65.f4 Rf3 66.f5+ Kg7 67.Ng1 Re3 68.Nh3 Rf3 69.g6 Ra3 70.Nf4 Kh6 71.g5+ Kg7
72.f6+ Kh8 73.f7 Ra8 74.Kh5 Rf8 75.Nd5 Kg7 76.Nf6 Kh8 77.Nh7  1-0

[Event "Czerniak mem 14th"]
[Site "Tel Aviv"]
[Date "1998.04.12"]
[Round "4"]
[White "Polgar, Sofia"]
[Black "Zifroni, Dov"]
[Result "1/2-1/2"]
[WhiteElo "2485"]
[BlackElo "2500"]

1.e4 e6 2.d4 d5 3.Nc3 Nf6 4.Bg5 Bb4 5.e5 h6 6.Bd2 Bxc3 7.bxc3 Ne4 8.Qg4 g6
9.Bd3 Nxd2 10.Kxd2 c5 11.Nf3 Nc6 12.Bb5 cxd4 13.Nxd4 O-O 14.Bxc6 bxc6 15.Nb3 Ba6
16.h4 Bc4 17.h5 g5 18.Nc5 Rb8 19.Rab1 Qe7 20.Qd4 Bxa2 21.Rb4 Bc4 22.Ra1 Rb5
23.Rxb5 cxb5 24.Ra6 Rd8 25.Nd3 b4 26.Qxa7 bxc3+ 27.Kxc3 Qf8 28.Rc6 Bxd3 29.cxd3 Ra8
30.Qb6 Ra2 31.Rd6 Qc8+ 32.Rc6 Qf8 33.Rd6 Qc8+ 34.Rc6 Qf8 35.Rd6  1/2-1/2

[Event "Czerniak mem 14th"]
[Site "Tel Aviv"]
[Date "1998.04.13"]
[Round "5"]
[White "Gofshtein, Leonid D"]
[Black "Polgar, Sofia"]
[Result "0-1"]
[WhiteElo "2520"]
[BlackElo "2485"]

1.d4 d5 2.c4 c6 3.Nf3 Nf6 4.Nc3 e6 5.Bg5 h6 6.Bh4 dxc4 7.e4 g5 8.Bg3 b5 9.h4 g4
10.Ne5 h5 11.f3 Rg8 12.a4 b4 13.Ne2 gxf3 14.gxf3 Ba6 15.Qc1 c3 16.Bf2 Qa5
17.bxc3 bxc3 18.Be3 Bb4 19.Nf4 Bxf1 20.Rxf1 Nfd7 21.Ned3 Be7 22.Ke2 Na6 23.Qc2 e5
24.dxe5 Nxe5 25.Nxe5 Qxe5 26.Rac1 Bf6 27.Qd3 Nb4 28.Qc4 a5 29.Rg1 Rf8 30.Rcd1 c2
31.Rd2 Qc3 32.Qc5 Qxc5 33.Bxc5 Be7 34.Bb6 Ra6 35.Nxh5 Rh8 36.Ng7+ Kf8 37.Bf2 Rg8
38.Bd4 f6 39.Be3 c1=Q 40.Rxc1 Kxg7 41.Rd7 Kf8 42.h5 Ke8 43.Rb7 Ra8 44.Bc5 Bxc5
45.Rxc5 Rd8 46.h6 Nc2 47.Rxc2 Rg2+ 48.Ke3 Rxc2 49.h7 Rh2 50.Rg7 Kf8 51.Rg8+ Ke7
52.Rg7+ Ke6 53.Rg8 Kd7 54.Rg7+ Kc8 55.Ra7 Kb8 56.Rg7 c5  0-1

[Event "Czerniak mem 14th"]
[Site "Tel Aviv"]
[Date "1998.04.15"]
[Round "6"]
[White "Polgar, Sofia"]
[Black "Bykhovsky, Avigdor"]
[Result "1/2-1/2"]
[WhiteElo "2485"]
[BlackElo "2395"]

1.e4 e5 2.Nf3 Nf6 3.d4 Nxe4 4.Bd3 Nc6 5.dxe5 d5 6.exd6 Nxd6 7.c3 Be7 8.Qc2 Bg4
9.Be3 Bxf3 10.gxf3 Ne5 11.Be2 Qd7 12.Nd2 O-O 13.O-O-O Qe6 14.Kb1 Nf5 15.Bf4 Ng6
16.Bc4 Qc8 17.Bxc7 Qxc7 18.Qxf5 Rad8 19.Bb3 Qf4 20.Qxf4 Nxf4 21.Rhe1 Rd7
22.Nc4 Rxd1+ 23.Rxd1 Rd8 24.Rxd8+ Bxd8 25.Nd6 Kf8 26.Nxf7 Bh4 27.Kc2 Ke7
28.Ne5 Bxf2 29.Nd3 Nxd3  1/2-1/2

[Event "Czerniak mem 14th"]
[Site "Tel Aviv"]
[Date "1998.04.16"]
[Round "7"]
[White "Kaspi, Alexander"]
[Black "Polgar, Sofia"]
[Result "1/2-1/2"]
[WhiteElo "2525"]
[BlackElo "2485"]

1.c4 e6 2.d4 d5 3.Nc3 c6 4.Nf3 Nf6 5.Bg5 h6 6.Bxf6 Qxf6 7.e3 Nd7 8.Bd3 dxc4
9.Bxc4 g6 10.O-O Qe7 11.Qe2 Bg7 12.Rfe1 O-O 13.e4 b6 14.e5 Rb8 15.Rad1 Bb7
16.h4 Kh8 17.a3 Rfd8 18.Ba2 Nf8 19.Ne4 c5 20.Nd6 Ba8 21.d5 b5 22.Qe3 c4 23.dxe6 Nxe6
24.Bb1 h5 25.Ng5 Nxg5 26.hxg5 a5 27.f4 Kg8 28.Rd2 Rd7 29.Be4 Bxe4 30.Qxe4 Qe6
31.Red1 Rbd8 32.Qd5 Qg4 33.Rf1 Qg3 34.Qe4 Bf8 35.Rfd1 h4 36.Qf3 Qxf3 37.gxf3 b4
38.axb4 axb4 39.Kg2 c3 40.bxc3 bxc3 41.Rc2 Bxd6 42.exd6 Rxd6 43.Rxd6 Rxd6
44.Rxc3 Rd4 45.f5 gxf5 46.Rc6 Kg7 47.Rf6 Rf4 48.Kf2 h3 49.Kg3 Rh4 50.Kh2 f4
51.Rf5 Kg6 52.Rf6+ Kxg5 53.Rxf7 Rh8 54.Rg7+ Kf5 55.Rf7+ Ke5 56.Re7+ Kd6 57.Re4 Rh4
58.Ra4 Kd5 59.Rb4 Ke5 60.Re4+ Kf5 61.Re8 Rh6 62.Rf8+  1/2-1/2